000 00737nam a22002417a 4500
003 UA-OsUOA
001 46239
007 ta
008 20120207b un ||||| |||| 00| 0 ukr d
100 _aГорлач С.
090 _a82-84
_bГ69
942 _cBK
040 _aUA-OsUOA
_bukr
_cUA-OsUOA
_dUA-OsUOA
245 _aУкраїнсько-канадські проповідки і афоризми
300 _a471 с.
955 _a4
041 _aukr
080 _a82-84
260 _aТоронто
_bСтего
_c1985
650 7 _a82 Література. Літературознавство
_2UDC
999 _c426345
_d426345